000 00668nam a2200181 i 4500
001 45442
003 ES-MaACL
005 20230906161223.0
007 t|
008 030326s1898 sp ||||1| spa d
100 1 _aColl y Bofill, Juan.
_939636
245 1 0 _aTiroidoterapia
_b: (algunos datos para el estudio) : tesis doctoral /
_cpor Juan Coll y Bofill.
260 _aBarcelona :
_b[s.n.],
_c1898 (
_fTip. La Académica, de Serra Hermanos y Russell)
300 _a44 p. ;
_c26 cm.
594 _aPrecede al tít.: Tesis para el doctorado en medicina y cirugía.
650 4 _aTiroides.
_9136932
852 _aES-MaACL
_jT-784-F-10
_z.- Dedicatoria manuscrita del autor
999 _c45442
_d45442